| 000 | 00736nam a22001935i 4500 | ||
|---|---|---|---|
| 001 | 153602 | ||
| 003 | ES-MaACL | ||
| 005 | 20250929063220.0 | ||
| 008 | 960202s1770 fr |||| | fre d | ||
| 040 |
_aCYL _bspa _cCYL |
||
| 100 | 1 |
_aDurand de Maillane, Pierre Toussaint, _d1729-1814 _9126882 |
|
| 245 | 1 | 0 |
_aHistoire du Droit Canon _b: pour servir d'introduction à l'étude du Droit Canonique / _cpar M. Durant, Co-Seigneur de Maillane... |
| 260 |
_aA Lyon : _bchez Jean-Marie Bruyset ..., _c1770. |
||
| 300 |
_aVIII, 540 p. ; _c12º. |
||
| 650 | 7 |
_aDerecho canónico _2embne _911655 |
|
| 852 |
_aES-MaACL _jR-492 _z Enc. pasta con hierros _d Olim: D-448 _9159195 _cDEPO |
||
| 942 | _2udc | ||
| 999 |
_c153602 _d153602 |
||